Dry forests of Puerto Rico's south coast (Registro nro. 9116)
[ vista simple ]
| 000 -CABECERA | |
|---|---|
| Campo de control | 005700000a22002050004500 |
| 090 ## - CLASIFICACIÓN LOCAL | |
| Colección | AR |
| Consecutivo | 00013 |
| 041 0# - IDIOMA | |
| Código de idioma para texto/pista de sonido o título separado | |
| 100 1# - ASIENTO PRINCIPAL--NOMBRE PERSONAL | |
| Nombre personal | Murphy, Peter G. |
| 245 10 - MENCION DE TITULO | |
| Título | Dry forests of Puerto Rico's south coast |
| 650 14 - ASIENTO SECUNDARIO DE MATERIA - TERMINO TEMATICO | |
| Término temático o nombre geográfico como elemento de entrada | Bosques secos tropicales |
| 650 14 - ASIENTO SECUNDARIO DE MATERIA - TERMINO TEMATICO | |
| Término temático o nombre geográfico como elemento de entrada | Biodiversidad |
| 650 14 - ASIENTO SECUNDARIO DE MATERIA - TERMINO TEMATICO | |
| Término temático o nombre geográfico como elemento de entrada | Ecología |
| 650 14 - ASIENTO SECUNDARIO DE MATERIA - TERMINO TEMATICO | |
| Término temático o nombre geográfico como elemento de entrada | Suelos |
| 651 #4 - ASIENTO SECUNDARIO DE MATERIA - NOMBRE GEOGRAFICO | |
| -- | Puerto Rico |
| 700 1# - ASIENTO SECUNDARIO - NOMBRE PERSONAL | |
| Nombre personal | Lugo, Ariel E. |
| 700 1# - ASIENTO SECUNDARIO - NOMBRE PERSONAL | |
| Nombre personal | Nepstad, Daniel C. |
| 700 1# - ASIENTO SECUNDARIO - NOMBRE PERSONAL | |
| Nombre personal | Murphy, Alice J. |
| 773 1# - Item fuente: | |
| Título | Preprint |
| Especificación de materiales | 3 |
| Paginas del Articulo | 178-209 |
| Lugar, editorial y fecha de publicación | 1991? |
| 942 ## - ELEMENTOS ADICIONALES (KOHA) | |
| Tipo de ítem | Artículo |
| Withdrawn status | Lost status | Sistema de Clasificación | Damaged status | No para préstamo | Colección | Ubicación Permanente | Ubicación actual | Fecha de adquisición | Total Checkouts | Número topográfico | Inventario / Código de Barras | Date last seen | Ejemplar | Price effective from | Tipo de material |
|---|---|---|---|---|---|---|---|---|---|---|---|---|---|---|---|
| Dewey Decimal Classification | No para Préstamo | Hemeroteca | Bogotá | Bogotá | 27/02/2015 | AR 00013 Fuera de circulación | 010231 | 25/03/2015 | 1 | 25/03/2015 | Artículo | ||||
| Dewey Decimal Classification | No para Préstamo | Hemeroteca | Bogotá | Bogotá | 27/02/2015 | AR 00013 Fuera de circulación | 010232 | 25/03/2015 | 2 | 25/03/2015 | Artículo |